IX симпозиум по проблеме избыточности в информационных системах, 3 июня - 8 июня 1986 года (Запись № 6938846)

Подробности
000 -МАРКЕР
контрольное поле 01084nam1a22002291i 4500
001 - ИДЕНТИФИКАТОР ЗАПИСИ
контрольное поле rc\610295
005 - ИДЕНТИФИКАТОР ВЕРСИИ
контрольное поле 20240724000125.0
035 ## - ДРУГИЕ СИСТЕМНЫЕ НОМЕРА
Идентификатор записи (NLR Aleph) 005971376
100 ## - ДАННЫЕ ОБЩЕЙ ОБРАБОТКИ
Данные общей обработки 20031121d1986 u |0rusy50 ca
101 0# - ЯЗЫК РЕСУРСА
Язык текста, звукозаписи и т.д. русский
102 ## - СТРАНА ПУБЛИКАЦИИ ИЛИ ПРОИЗВОДСТВА
Страна публикации Российская Федерация
105 ## - ПОЛЕ КОДИРОВАННЫХ ДАННЫХ: ТЕКСТОВЫЕ МАТЕРИАЛЫ, МОНОГРАФИЧЕСКИЕ
Кодированные данные о монографическом текстовом документе y |||||||||
200 1# - ЗАГЛАВИЕ И СВЕДЕНИЯ ОБ ОТВЕТСТВЕННОСТИ
Основное заглавие IX симпозиум по проблеме избыточности в информационных системах, 3 июня - 8 июня 1986 года
Сведения, относящиеся к заглавию Тез. докл.
210 ## - ПУБЛИКАЦИЯ, РАСПРОСТРАНЕНИЕ И ДР.
Место издания, распространения и т.д. Л.
Имя издателя, распространителя и т. д. ЛИАП
Дата издания, распространения и т.д. 1986
215 ## - ФИЗИЧЕСКАЯ ХАРАКТЕРИСТИКА
Размеры 20
300 ## - ОБЩИЕ ПРИМЕЧАНИЯ
Текст примечания В надзаг.: АН СССР. Науч. совет по комплекс. пробл. "Кибернетика". Науч. совет по пробл. "Статист. радиофизика", Минвуз РСФСР, Ленингр. ин-т авиац. приборостроения
710 12 - НАИМЕНОВАНИЕ ОРГАНИЗАЦИИ - ПЕРВИЧНАЯ ОТВЕТСТВЕННОСТЬ
Начальный элемент ввода Симпозиум по проблеме избыточности в информ. системах
Порядковый номер временной организации и / или порядковый номер ее части 9
Дата проведения временной организации 1986
Место проведения временной организации Ленинград
801 #0 - ИСТОЧНИК ЗАПИСИ
Страна Российская Федерация
Организация NLR
Правила каталогизации psbo
801 #1 - ИСТОЧНИК ЗАПИСИ
Страна Российская Федерация
Организация ELAR
Источник данных rusmarc
852 ## - МЕСТОНАХОЖДЕНИЕ И ШИФР ХРАНЕНИЯ
Идентификатор организации NLR
Шифр хранения (Call Number) 87-3/9559
942 ## - ДОПОЛНИТЕЛЬНЫЕ ЭЛЕМЕНТЫ ЗАПИСИ (АБИС)
Тип экземпляра АБИС Книга

Нет доступных экземпляров.